ბათუმის შოთა რუსთაველის სახელმწიფო უნივერსიტეტის ბიბლიოთეკა

გამოხატვის თავისუფლება. (ბიბ.ჩანაწერი № 37626)

000 -ლიდერი
ფიქსირებული სიგრძის საკონტროლო ველი 01355nam a2200241Ia 4500
001 - საკონტროლო ნომერი
საკონტროლო ველი 3598
003 - საკონტროლო ნომრის იდენტიფიკატორი
საკონტროლო ველი GE_BSU
005 - ბოლო ოპერაციის თარიღი და დრო
საკონტროლო ველი 20190624214441.0
008 - ფიქსირებული სიგრძის მონაცემთა ელემენტები - ზოგადი ინფორმაცია
ფიქსირებული სიგრძის საკონტროლო ველი 181216s2005||||ge |||||||||||||| ||geo||
040 ## - კატალოგიზაციის წყარო
Transcribing agency GE_BSU
041 ## - ენის კოდი
Language code of text/sound track or separate title geo
080 ## - უნივერსალური ათობითი კლასიფიკაციის ინდექსი
Universal Decimal Classification number 342.7(036) მ–19
100 ## - მთავარი ჩანაწერი - პიროვნების სახელი
Personal name მაკოვეი, მონიკა
9 (RLIN) 2875
245 ## - ცნობა სათაურის შესახებ
Title გამოხატვის თავისუფლება.
Remainder of title ადამიანის უფლებათა ევროპული კონვენციის მე–10 მუხლის განხორციელება: გზამკვლევი.
Statement of responsibility, etc ავტ.: მონიკა მაკოვეი ; მთარგმნ.: ლაშა ჭელიძე და სხვ. ; რედ.: ლაშა ჭელიძე
264 ## - წარმოების, გამოცემის, დისტრიბუციის და სხვა ცნობები
გამოცემის, წარმოების, დისტრიბუციის... ადგილი თბილისი :
გამოცემის, წარმოების, დისტრიბუციის... სახელწოდება შპს "პეტიტი",
გამოცემის, წარმოების, დისტრიბუციის... თარიღი 2005.
300 ## - ფიზიკური აღწერა
Extent 161 გვ. ;
Other physical details 16 სმ.
504 ## - BIBLIOGRAPHY, ETC. NOTE
Bibliography, etc ბიბლიოგრ. ტექსტ. შენიშვნ.
653 ## - INDEX TERM--UNCONTROLLED
Uncontrolled term ადამიანის უფლებათა დაცვა
653 ## - INDEX TERM--UNCONTROLLED
Uncontrolled term გამოხატვის თავისუფლება
700 ## - ADDED ENTRY--PERSONAL NAME
Personal name ჭელიძე, ლაშა
Relator term მთარგმნელი
9 (RLIN) 1297
700 ## - ADDED ENTRY--PERSONAL NAME
Personal name ჭელიძე, ლაშა
Relator term რედაქტორი
9 (RLIN) 1297
942 ## - ADDED ENTRY ELEMENTS (KOHA)
Koha item type წიგნი
Source of classification or shelving scheme
ეგზემპლარები
ჩამოწერის სტატუსი დაკარგული ეგზემპლარის სტატუსი კლასიფიკაციის წყარო ან თაროზე გაწყობის სქემა დაზიანების სტატუსი არ გაიცემა მუდმივი მდებარეობა (დაცვის ადგილი) ამჟამინდელი ადგილსამყოფელი თაროზე განთავსების ადგილი შეძენის თარიღი სრული შენახვის შიფრი შტრიხკოდი ბოლო ოპერაციის თარიღი ეგზემპლარის მიმდევრობითი ნომერი (კეტერი?) ფასის ძალაში შესვლის თარიღი ეგზემპლარის სახეობა საჯარო შენიშვნა
          ბათუმის შოთა რუსთაველის სახელმწიფო უნივერსიტეტის მთავარი ბიბლიოთეკა ბათუმის შოთა რუსთაველის სახელმწიფო უნივერსიტეტის მთავარი ბიბლიოთეკა წიგნსაცავი 2018-12-17 342.7(036) მ–19 5145 2018-12-17 5145 2018-12-17 წიგნი